Travesías (Record no. 67579)

MARC details
000 -LEADER
campo de control de longitud fija 00705nam a2200241 i 4500
001 - NÚMERO DE CONTROL
campo de control 67579
003 - IDENTIFICADOR DE NÚMERO DE CONTROL
campo de control ES-MaACL
005 - FECHA Y HORA DE LA ÚLTIMA TRANSACCIÓN
campo de control 20251120063131.0
007 - CAMPO FIJO DE DESCRIPCIÓN FÍSICA--INFORMACIÓN GENERAL
campo de control de longitud fija t|
008 - DATOS DE LONGITUD FIJA--INFORMACIÓN GENERAL
campo de control de longitud fija 040604s2003 sp ||||1| spa d
020 ## - NÚMERO INTERNACIONAL ESTÁNDAR DEL LIBRO
Número Internacional Estándar del Libro 84-8310-918-2
080 ## - NÚMERO DE LA CLASIFICACIÓN DECIMAL UNIVERSAL
Número de la Clasificación Decimal Universal 929 Salinas, Jaime
100 1# - ENTRADA PRINCIPAL--NOMBRE DE PERSONA
Nombre de persona Salinas, Jaime,
Fechas asociadas al nombre 1925-
9 (RLIN) 142578
245 10 - MENCIÓN DEL TÍTULO
Título Travesías
Resto del título : memorias (1925-1955) /
Mención de responsabilidad, etc. Jaime Salinas.
250 ## - MENCION DE EDICION
Mención de edición 1ª ed.
260 ## - PUBLICACIÓN, DISTRIBUCIÓN, ETC.
Lugar de publicación, distribución, etc. Barcelona :
Nombre del editor, distribuidor, etc. Tusquets,
Fecha de publicación, distribución, etc. 2003.
300 ## - DESCRIPCIÓN FÍSICA
Extensión 559 p. ;
Dimensiones 23 cm.
490 1# - MENCIÓN DE SERIE
Mención de serie Tiempo de memoria ;
Designación de volumen o secuencia 32
600 17 - PUNTO DE ACCESO ADICIONAL DE MATERIA--NOMBRE DE PERSONA
Nombre de persona Salinas, Jaime,
Fechas asociadas al nombre 1925-
Fuente del encabezamiento o término
9 (RLIN) 142578
830 0# - PUNTO DE ACCESO ADICIONAL DE SERIE-TÍTULO UNIFORME
Título uniforme Tiempo de memoria ;
Designación de volumen o secuencia 32
9 (RLIN) 180241
852 ## - LOCALIZACIÓN
Ubicación ES-MaACL
Número de control de estantería L-27790
Sublocalización o colección R.133435
Holdings
Estatus retirado Estado de pérdida Estado de daño No para préstamo Biblioteca de origen Biblioteca actual Ubicación en estantería Fecha de adquisición Fuente de adquisición Total de préstamos Signatura topográfica completa Código de barras Visto por última vez Precio de reemplazo Tipo de ítem Koha
        Biblioteca del Ateneo de Madrid Biblioteca del Ateneo de Madrid Depósito 2 17/01/2008     L-27790 1070760 23/02/2023 23/02/2023 Libro impreso